Statistics for Largest Ski Resorts

Click here to take the quiz!

General Stats

  • This quiz has been taken 293 times
  • The average score is 3 of 10

Answer Stats

CountryPiste LengthsSki Resort% Correct
France600kmLes 3 Vallées
70%
France300kmEspace Killy
64%
Italy / Switzerland360kmMatterhorn Ski Paradise
50%
France425kmParadiski
37%
Switzerland300km4 Vallées
36%
France270kmAvoriaz
34%
France / Italy400kmVia Lattea
19%
Italy330kmSella Ronda
9%
Austria263kmSkiwelt
6%
France310kmLes Sybelles
4%

Score Distribution

Percentile by Number Answered

Percent of People with Each Score

Your Score History

You have not taken this quiz